Kế toán quản trị /
Na minha lista:
| Autor principal: | |
|---|---|
| Formato: | Sách giấy |
| Idioma: | Vietnamese |
| Publicado em: |
TP.HCM :
Trường Đại học Kinh tế,
1993.
|
| Tags: |
Adicionar Tag
Sem tags, seja o primeiro a adicionar uma tag!
|
| Thư viện lưu trữ: | Thư viện Trường Đại học Đà Lạt |
|---|
| LEADER | 00628nam a2200277 4500 | ||
|---|---|---|---|
| 001 | DLU140162965 | ||
| 005 | ##20131023 | ||
| 040 | # | # | |a DLU |b vie |
| 041 | # | # | |a vie |
| 044 | # | # | |a vn |
| 082 | # | # | |a 657 |b GA-R |
| 100 | # | # | |a Garrison, Ray H. |
| 245 | # | # | |a Kế toán quản trị / |c Ray H. Garrison. |
| 260 | # | # | |a TP.HCM : |b Trường Đại học Kinh tế, |c 1993. |
| 300 | # | # | |a 459 tr. ; |c 26 cm. |
| 923 | # | # | |a TL |
| 991 | # | # | |a SH |
| 992 | # | # | |a 50000 |
| 994 | # | # | |a DLU |
| 900 | # | # | |a True |
| 911 | # | # | |a Nguyễn Huyền Anh |
| 925 | # | # | |a G |
| 926 | # | # | |a A |
| 927 | # | # | |a SH |
| 980 | # | # | |a Thư viện Trường Đại học Đà Lạt |